[Event "ch-USA Girls 2024"]
[Site "Saint Louis USA"]
[Date "2024.07.20"]
[Round "5.1"]
[White "Paragua, Megan Althea"]
[Black "Atwell, Rose"]
[Result "1/2-1/2"]
[WhiteTitle "WFM"]
[BlackTitle "FM"]
[WhiteElo "2041"]
[BlackElo "2277"]
[WhiteFideId "30973007"]
[BlackFideId "30951011"]
[EventDate "2024.07.16"]

1. e4 c5 2. Nf3 Nc6 3. c3 d5 4. exd5 Qxd5 5. d4 Nf6 6. Be3 cxd4 7. cxd4 e6 8.
Nc3 Qd8 9. Bb5 Bd7 10. O-O a6 11. Be2 Nb4 12. Ne5 Bd6 13. Bg5 Bc6 14. a3 Nbd5
15. Nxc6 bxc6 16. Qa4 Qd7 17. Bf3 Be7 18. Rfe1 Nxc3 19. bxc3 Nd5 20. Bxe7 Nxe7
21. Rab1 Qc7 22. Rb3 O-O 23. Reb1 Rfb8 24. g3 Rxb3 25. Rxb3 g6 26. Kg2 a5 27.
Qc4 Qd6 28. Qa4 Ra6 29. Rb7 Nd5 30. c4 Ne7 31. c5 Qd8 32. Qc4 Ra8 33. Qa4 Ra6
34. Qc4 Ra8 35. Qa4 Ra6 1/2-1/2

[Event "ch-USA Girls 2024"]
[Site "Saint Louis USA"]
[Date "2024.07.20"]
[Round "5.2"]
[White "Lee, Alice"]
[Black "Gaw, Chloe"]
[Result "1-0"]
[WhiteTitle "IM"]
[BlackTitle "WFM"]
[WhiteElo "2371"]
[BlackElo "2000"]
[WhiteFideId "30941822"]
[BlackFideId "30966892"]
[EventDate "2024.07.16"]

1. d4 d5 2. c4 dxc4 3. Nf3 Nf6 4. e3 e6 5. Bxc4 c5 6. O-O a6 7. Be2 b5 8. dxc5
Bxc5 9. Qxd8+ Kxd8 10. a4 b4 11. Ne5 Ke7 12. Bf3 Ra7 13. Nd3 Bd6 14. e4 e5 15.
Be3 Rc7 16. Nd2 Be6 17. Bd1 Nbd7 18. f3 Rb8 19. a5 Nc5 20. Nf2 Bd7 21. Be2 Bb5
22. Bxb5 axb5 23. Bxc5 Bxc5 24. Nb3 Nd7 25. Rfc1 Rbc8 26. Kf1 Bxf2 27. Kxf2 Kd8
28. a6 Rxc1 29. Nxc1 Nc5 30. a7 Ra8 31. Ra5 Kc7 32. Rxb5 Kc6 33. Rxb4 Rxa7 34.
Ke3 f6 35. Rb8 Rd7 36. b4 Na6 37. b5+ Kc7 38. Rh8 Nc5 39. Rxh7 Kb6 40. Ne2 Kxb5
41. Ng3 Kc4 42. Nf5 Ne6 43. Rh8 Nf4 44. Rc8+ Kb3 45. g3 Ne6 46. Rc6 Nf8 47. h4
Kb4 48. h5 Kb5 49. Rc8 Ne6 50. Re8 Nc5 51. Re7 Rd3+ 52. Ke2 Ra3 53. Rxg7 Ra2+
54. Kf1 Ra1+ 55. Kg2 Ra2+ 56. Kh3 Nd3 57. h6 Nf2+ 58. Kh4 Ra1 59. Kh5 1-0

[Event "ch-USA Girls 2024"]
[Site "Saint Louis USA"]
[Date "2024.07.20"]
[Round "5.3"]
[White "Tang, Zoey"]
[Black "Li, Rachael"]
[Result "1/2-1/2"]
[WhiteTitle "FM"]
[BlackTitle "WFM"]
[WhiteElo "2260"]
[BlackElo "2182"]
[WhiteFideId "30952530"]
[BlackFideId "30929849"]
[EventDate "2024.07.16"]

1. d4 Nf6 2. c4 e6 3. Nf3 b6 4. a3 Bb7 5. Nc3 d5 6. cxd5 exd5 7. Qc2 a6 8. Bf4
Bd6 9. Bxd6 Qxd6 10. e3 Nbd7 11. Bd3 c5 12. dxc5 bxc5 13. O-O O-O 14. Rfd1 Rfe8
15. Ne2 g6 16. Nf4 Rac8 17. Be2 d4 18. Qb3 Nb6 19. Nd2 Qc7 20. Rac1 Nfd5 21. Bf3
Nxf4 22. exf4 c4 23. Qa2 c3 24. bxc3 dxc3 25. g3 Nc4 26. Nxc4 Bxf3 27. Rd3 Qxc4
28. Qxc4 Rxc4 29. Rxf3 c2 30. Re3 Rxe3 31. fxe3 Rc3 32. Kf2 Rxa3 33. Rxc2 Ra4
34. Kf3 Ra3 35. Kf2 Ra4 36. Kf3 Ra3 37. Kf2 Ra4 1/2-1/2

[Event "ch-USA Girls 2024"]
[Site "Saint Louis USA"]
[Date "2024.07.20"]
[Round "5.4"]
[White "Vidyarthi, Omya"]
[Black "Su, Jasmine Zhixin"]
[Result "1-0"]
[WhiteTitle "WIM"]
[WhiteElo "2087"]
[BlackElo "2051"]
[WhiteFideId "30931665"]
[BlackFideId "30974909"]
[EventDate "2024.07.16"]

1. Nf3 Nf6 2. c4 g6 3. Nc3 d5 4. cxd5 Nxd5 5. h4 h5 6. Qb3 Nb6 7. Ng5 e6 8. g3
Bg7 9. Bg2 Nc6 10. O-O O-O 11. a4 Nd4 12. Qd1 c5 13. e3 Nc6 14. f4 Nd5 15. e4
Nf6 16. e5 Qd4+ 17. Kh1 Ng4 18. Nb5 Qd3 19. Ra3 Qd8 20. Qc2 Qb6 21. Nd6 Nd4 22.
Qe4 f5 23. exf6 Qxd6 24. fxg7 Kxg7 25. b4 e5 26. bxc5 Qxc5 27. Rc3 Qa5 28. Ba3
Rf5 29. Bd6 Kg8 30. Rxc8+ Rxc8 31. Qxb7 1-0

[Event "ch-USA Girls 2024"]
[Site "Saint Louis USA"]
[Date "2024.07.20"]
[Round "5.5"]
[White "Mou, Iris"]
[Black "Ehsani, Yassamin"]
[Result "1-0"]
[WhiteTitle "WIM"]
[BlackTitle "WFM"]
[WhiteElo "2165"]
[BlackElo "2083"]
[WhiteFideId "30939836"]
[BlackFideId "30910765"]
[EventDate "2024.07.16"]

1. e4 c6 2. d4 d5 3. Nc3 dxe4 4. Nxe4 Nf6 5. Nxf6+ exf6 6. c3 Be6 7. Bd3 Bd6 8.
Ne2 Qc7 9. Ng3 Nd7 10. O-O g6 11. c4 h5 12. h3 Kf8 13. Qf3 Kg7 14. Re1 Rad8 15.
Bd2 Bxg3 16. fxg3 Qb6 17. Qe3 Rde8 18. Qf2 Rd8 19. Rf1 Rhe8 20. Bc3 Kg8 21. Kh1
Qc7 22. Rad1 Qd6 23. a3 b5 24. Ba5 bxc4 25. Bxd8 Rxd8 26. Be2 f5 27. Qf4 Nf6 28.
Qxd6 Rxd6 29. Rc1 Ne4 30. Kh2 Nd2 31. Rfd1 Rxd4 32. Rc2 Nb3 33. Rxd4 Nxd4 34.
Rd2 Nxe2 35. Rxe2 Kf8 36. Kg1 Bd5 37. Kf2 f6 38. Ke3 Ke7 39. Kd4+ Kd6 40. Re8
Bxg2 41. Rd8+ Ke6 42. h4 g5 43. Rh8 Bf3 44. hxg5 fxg5 45. Rh6+ Kd7 46. Ke5 h4
47. gxh4 gxh4 48. Rh7+ Kc8 49. Rxa7 h3 50. Rh7 Bg2 51. Kxf5 Kb8 52. Ke5 Kc8 53.
Kd6 Kb8 54. Kc5 Kc8 55. Kb6 Kd8 56. a4 Kc8 57. a5 c5 58. a6 1-0

[Event "ch-USA Girls 2024"]
[Site "Saint Louis USA"]
[Date "2024.07.22"]
[Round "6.1"]
[White "Su, Jasmine Zhixin"]
[Black "Ehsani, Yassamin"]
[Result "0-1"]
[BlackTitle "WFM"]
[WhiteElo "2051"]
[BlackElo "2083"]
[WhiteFideId "30974909"]
[BlackFideId "30910765"]
[EventDate "2024.07.16"]

1. e4 c5 2. Nf3 e6 3. d4 cxd4 4. Nxd4 a6 5. Bd3 Nc6 6. Nb3 Nf6 7. O-O Qc7 8. Qe2
Be7 9. c4 d6 10. Nc3 b6 11. f4 O-O 12. Be3 Bb7 13. a3 Nd7 14. Nd4 Bf6 15. Nxc6
Qxc6 16. Qc2 h6 17. Na4 b5 18. cxb5 Qxc2 19. Bxc2 axb5 20. Nc3 Rfc8 21. Bd2 Nb6
22. Bd3 Nc4 23. Bxc4 Rxc4 24. Nxb5 Bxb2 25. Ra2 Bd4+ 26. Nxd4 Rxd4 27. e5 dxe5
28. fxe5 Bd5 29. Rb2 Rxa3 30. Bb4 Rad3 31. Bd6 h5 32. Rb8+ Kh7 33. Rxf7 Rd2 34.
Rf2 Rd1+ 35. Rf1 Rxf1+ 36. Kxf1 Rd2 37. h4 Rxg2 38. Rb4 Rh2 39. Rf4 Kg6 40. Kg1
Rg2+ 41. Kf1 Ra2 42. Ke1 Bg2 43. Rf2 Ra1+ 44. Kd2 Bh3 45. Rf4 Bg4 46. Kd3 Bf5+
47. Ke3 Kh6 48. Rc4 Rf1 49. Rb4 Bg4 50. Rf4 Rh1 51. Be7 Kg6 52. Kd4 Rd1+ 53. Ke3
Rd5 54. Bd6 Bf5 55. Kf2 Kh7 56. Ra4 Rd2+ 57. Kg3 Rd3+ 58. Kf2 Kh6 59. Rb4 Bg4
60. Rf4 Rd2+ 61. Ke3 Re2+ 62. Kd3 Re1 63. Kd2 Rh1 64. Be7 Rh3 65. Rf2 Rb3 66.
Rf4 Rb7 67. Bd6 Bf5 68. Rc4 g5 69. hxg5+ Kxg5 70. Bc7 Rb2+ 71. Ke3 Rb3+ 72. Kf2
Bg4 73. Bd8+ Kf5 74. Bf6 Rb1 75. Kg3 Rg1+ 76. Kh2 Ra1 77. Kg3 Ra3+ 78. Kh2 Bf3
79. Rd4 Be4 80. Rd8 Kf4 81. Rg8 Ra2+ 82. Kg1 Kf3 83. Be7 Ra1+ 84. Kh2 Kf4 85.
Bf6 Rh1# 0-1

[Event "ch-USA Girls 2024"]
[Site "Saint Louis USA"]
[Date "2024.07.22"]
[Round "6.2"]
[White "Li, Rachael"]
[Black "Paragua, Megan Althea"]
[Result "1-0"]
[WhiteTitle "WFM"]
[BlackTitle "WFM"]
[WhiteElo "2182"]
[BlackElo "2041"]
[WhiteFideId "30929849"]
[BlackFideId "30973007"]
[EventDate "2024.07.16"]

1. e4 c5 2. Nc3 e6 3. g3 Nc6 4. Bg2 Nf6 5. f4 d5 6. e5 Nd7 7. d3 Be7 8. Nf3 O-O
9. O-O Rb8 10. g4 b5 11. g5 Re8 12. Ne2 d4 13. Ng3 Ba6 14. Nh4 Rc8 15. Qg4 Bf8
16. Nh5 c4 17. Be4 Ne7 18. Rf3 Ng6 19. Rh3 Qa5 20. Nf3 cxd3 21. Bxd3 Bb7 22. Ng3
Bc5 23. Qh5 Ndf8 24. Bd2 Bxf3 25. Bxa5 Bxh5 26. Nxh5 a6 27. Bd2 Rb8 28. Ng3 Nd7
29. Ne4 Be7 30. Rf3 Nh4 31. Rh3 Ng6 32. Kf2 Nb6 33. Rf1 Nd5 34. Kf3 Rec8 35. Kg4
Bb4 36. Bc1 Be7 37. a3 Rc6 38. Rhf3 b4 39. h4 bxa3 40. bxa3 Bf8 41. Ng3 Nge7 42.
h5 g6 43. hxg6 fxg6 44. Ne4 Nf5 45. Nf6+ Nxf6+ 46. exf6 Rb1 47. Bd2 Rb2 48. Be4
Rc7 49. Re1 Kf7 50. Bd3 Rc6 51. Rh3 Kg8 52. Reh1 h5+ 53. gxh6 Kh7 54. Kf3 Rc7
55. Re1 Rc6 56. f7 Rb8 57. Be4 Rc7 58. Bd3 Rc6 59. Rh2 Bxa3 60. Ra1 Bf8 61. Rxa6
Rxa6 62. Bxa6 Nd6 63. Re2 Rb6 64. Bd3 Nxf7 65. Rg2 Nh8 66. Ke4 Bxh6 67. Kxd4
Bg7+ 68. Kc5 Rb2 69. Re2 Kg8 70. Rxe6 Kf7 71. Rc6 Rb7 72. Be4 Rd7 73. Bd5+ Ke7
74. Re6+ Kf8 75. Kc6 Rd8 76. Bb4+ Kf7 77. Re4+ 1-0

[Event "ch-USA Girls 2024"]
[Site "Saint Louis USA"]
[Date "2024.07.22"]
[Round "6.3"]
[White "Atwell, Rose"]
[Black "Mou, Iris"]
[Result "1-0"]
[WhiteTitle "FM"]
[BlackTitle "WIM"]
[WhiteElo "2277"]
[BlackElo "2165"]
[WhiteFideId "30951011"]
[BlackFideId "30939836"]
[EventDate "2024.07.16"]

1. e4 c6 2. d4 d5 3. e5 Bf5 4. Nf3 e6 5. Be2 Nd7 6. c3 a5 7. a4 f6 8. Bf4 Ne7 9.
exf6 Nxf6 10. Ne5 Ng6 11. Nxg6 Bxg6 12. Qb3 Bd6 13. Bxd6 Qxd6 14. Qa3 Qf4 15.
Nd2 Be4 16. g3 Qh6 17. f3 Bc2 18. Qd6 Rd8 19. Qxe6+ Kf8 20. f4 Re8 21. Qd6+ Kg8
22. Nf3 Bd3 23. Ne5 Bxe2 24. Kxe2 Qh5+ 25. Ke3 Qg6 26. Qc7 Qe4+ 27. Kd2 Qg2+ 28.
Kd3 Rf8 29. Qe7 Qe4+ 30. Kd2 Qf5 31. Rae1 h6 32. Qxb7 c5 33. dxc5 Kh7 34. Qb3
Ne4+ 35. Kc1 Nxc5 36. Qc2 Ne4 37. Rd1 Rd8 38. Rhe1 Rhe8 39. c4 Kg8 40. Rxd5 Rxd5
41. cxd5 Nd6 42. Qxf5 Nxf5 43. Rd1 Rc8+ 44. Kb1 Rd8 45. Rd3 Nd6 46. Nc6 Ra8 47.
Kc2 Rc8 48. Kb3 Ra8 49. Re3 Kf7 50. Re7+ Kf8 51. Rd7 Ne4 52. Kc4 g5 53. Rh7 Nd6+
54. Kc5 Nf7 55. d6 Kg8 56. Rxf7 Kxf7 57. d7 gxf4 58. gxf4 Ke6 59. d8=Q 1-0

[Event "ch-USA Girls 2024"]
[Site "Saint Louis USA"]
[Date "2024.07.22"]
[Round "6.4"]
[White "Vidyarthi, Omya"]
[Black "Lee, Alice"]
[Result "0-1"]
[WhiteTitle "WIM"]
[BlackTitle "IM"]
[WhiteElo "2087"]
[BlackElo "2371"]
[WhiteFideId "30931665"]
[BlackFideId "30941822"]
[EventDate "2024.07.16"]

1. Nf3 d5 2. e3 Nf6 3. c4 e6 4. Nc3 Be7 5. b3 b6 6. Bb2 O-O 7. Qc2 Bb7 8. Be2 c5
9. cxd5 exd5 10. d4 Nc6 11. dxc5 bxc5 12. O-O Rc8 13. Rad1 Qa5 14. Qf5 g6 15.
Qf4 Rfd8 16. Ne5 d4 17. Na4 Nxe5 18. Qxe5 Nd5 19. exd4 Bd6 20. Qg5 Qc7 21. g3
Nf4 22. gxf4 Bxf4 23. Qh4 Rd5 24. Rd3 Re8 25. Bf3 Rg5+ 26. Kh1 c4 27. Rc3 Rh5
28. Qxh5 gxh5 29. Rg1+ Kh8 30. d5 Be5 31. bxc4 Qd7 32. Bxh5 Bxd5+ 33. cxd5 Qxa4
34. Bxf7 Qe4+ 35. Rg2 Qe1+ 36. Rg1 Qxf2 37. Rc8 Qxh2# 0-1

[Event "ch-USA Girls 2024"]
[Site "Saint Louis USA"]
[Date "2024.07.22"]
[Round "6.5"]
[White "Gaw, Chloe"]
[Black "Tang, Zoey"]
[Result "0-1"]
[WhiteTitle "WFM"]
[BlackTitle "FM"]
[WhiteElo "2000"]
[BlackElo "2260"]
[WhiteFideId "30966892"]
[BlackFideId "30952530"]
[EventDate "2024.07.16"]

1. d4 Nf6 2. c4 e6 3. Nc3 Bb4 4. e3 O-O 5. Bd3 d5 6. a3 dxc4 7. Bxc4 Bxc3+ 8.
bxc3 c5 9. Ne2 Qc7 10. Bd3 Nc6 11. O-O b6 12. e4 Rd8 13. Bb2 Bb7 14. f3 Rac8 15.
Rc1 Qe7 16. Qe1 h6 17. Qf2 e5 18. d5 Na5 19. c4 Nb3 20. Rc3 Nd4 21. f4 Re8 22.
Rcc1 Nd7 23. Nxd4 exd4 24. e5 b5 25. Rfe1 Nb6 26. d6 Qd7 27. cxb5 c4 28. Be4
Bxe4 29. Rxe4 d3 30. Qd4 Na4 31. Re3 Red8 32. Ba1 Nc5 33. Rb1 Nb3 34. Rxb3 cxb3
35. Bb2 d2 36. Qxd2 Rc2 37. Qd4 Qg4 38. Rg3 Qe2 39. h4 Rd2 40. Qc3 Rc2 41. Qd4
Rd2 42. Qc3 Qf2+ 43. Kh2 Rc2 44. Qa5 Rd7 45. b6 Rxb2 46. b7 Rxb7 47. Qd8+ Kh7
48. Qf8 g6 49. e6 fxe6 50. Qe7+ Rxe7 51. dxe7 Qxf4 52. e8=Q Qxh4+ 53. Rh3 Qf4+
54. Rg3 Qf6 55. Rf3 Qxf3 56. Qe7+ Kh8 57. Qd8+ Kg7 58. Qd7+ Qf7 59. Qd4+ Qf6 60.
Qd7+ Kf8 61. Qd6+ Qe7 62. Qb8+ Kf7 63. Qf4+ Kg8 0-1

[Event "ch-USA Girls 2024"]
[Site "Saint Louis USA"]
[Date "2024.07.23"]
[Round "7.1"]
[White "Mou, Iris"]
[Black "Li, Rachael"]
[Result "1/2-1/2"]
[WhiteTitle "WIM"]
[BlackTitle "WFM"]
[WhiteElo "2165"]
[BlackElo "2182"]
[WhiteFideId "30939836"]
[BlackFideId "30929849"]
[EventDate "2024.07.16"]

1. e4 c5 2. Nf3 d6 3. d4 cxd4 4. Nxd4 Nf6 5. Bd3 a6 6. c4 g6 7. Nc3 Bg7 8. Be2
O-O 9. O-O Bd7 10. Be3 Nc6 11. h3 Rc8 12. Qd2 Nxd4 13. Bxd4 Bc6 14. Qe3 Nd7 15.
Bxg7 Kxg7 16. Qd4+ Kg8 17. Bg4 b5 18. cxb5 axb5 19. Rad1 Rc7 20. Qb4 Qa8 21. Be2
Rb8 22. a3 Nc5 23. Nd5 Ra7 24. Bf3 Bxd5 25. Rxd5 Ra4 26. Qc3 b4 27. axb4 Raxb4
28. e5 Rb3 29. Qd2 Rxb2 30. Qg5 Qa7 31. exd6 exd6 32. Rxd6 Ne6 33. Qe5 Rb1 34.
Rdd1 R1b5 35. Bd5 Qc5 36. Qf6 R5b6 37. Rfe1 Rf8 38. Rxe6 fxe6 39. Bxe6+ Rxe6 40.
Qxe6+ Kh8 41. Qe2 Qf5 42. Qb2+ Kg8 43. Ra1 Qc5 44. Rc1 Qa7 45. Qb3+ Qf7 46. Qe3
Qg7 47. Qe6+ Qf7 48. Qe3 Qg7 49. Qg3 Qb2 50. Rc7 Qa1+ 51. Kh2 Qb2 52. f3 Qf6 53.
Rc4 Qf5 54. Re4 Qc5 55. h4 Kg7 56. Qe1 Qd6+ 57. Kh1 Rf7 58. Qc3+ Qf6 59. Qe3 h5
60. Kh2 Qd6+ 61. Kh3 Qd7+ 62. Kg3 Qd6+ 63. Re5 Re7 64. f4 Rd7 65. Kh2 Rf7 66.
Qg3 Kh7 67. Qe3 Qf6 68. Kg3 Qd6 69. Rg5 Re7 70. Qf3 Qd4 71. Rd5 Qg1 72. Re5 Rxe5
73. fxe5 Qe1+ 74. Kf4 Qxh4+ 75. Ke3 Qe1+ 76. Kf4 Qh4+ 77. Ke3 Qe1+ 78. Kd4 Qb4+
79. Ke3 Qe1+ 1/2-1/2

[Event "ch-USA Girls 2024"]
[Site "Saint Louis USA"]
[Date "2024.07.23"]
[Round "7.2"]
[White "Lee, Alice"]
[Black "Su, Jasmine Zhixin"]
[Result "1-0"]
[WhiteTitle "IM"]
[WhiteElo "2371"]
[BlackElo "2051"]
[WhiteFideId "30941822"]
[BlackFideId "30974909"]
[EventDate "2024.07.16"]

1. d4 Nf6 2. c4 g6 3. g3 c6 4. Bg2 d5 5. cxd5 cxd5 6. Nf3 Bg7 7. O-O O-O 8. Nc3
Nc6 9. Ne5 Bf5 10. Nxc6 bxc6 11. Bf4 Ne4 12. Na4 h6 13. Rc1 Rc8 14. b3 g5 15.
Be3 Qa5 16. Re1 Rfd8 17. a3 Bg6 18. f3 Nd6 19. Bd2 Qb5 20. Bf1 Qb8 21. e3 Nb5
22. Bb4 e5 23. Bc5 exd4 24. exd4 Re8 25. Qd2 Rxe1 26. Rxe1 Re8 27. Rxe8+ Qxe8
28. Nc3 a6 29. Nxb5 cxb5 30. Kf2 Bf5 31. Be2 Qe6 32. Qa5 g4 33. fxg4 Bc2 34. Qc3
Qf6+ 35. Bf3 Be4 36. Kg2 Qg6 37. Kf2 f5 38. gxf5 Qxf5 39. Qe3 Bxf3 40. Qxf3 Qc2+
41. Kg1 Qc1+ 42. Kg2 Qd2+ 43. Kh3 Qg5 44. Qg4 Qe3 45. Qc8+ Kh7 46. Qf5+ Kh8 47.
Qxd5 Qe2 48. Qf5 Qe3 49. b4 Qxa3 50. d5 Qa1 51. d6 Qf6 52. Qxf6 Bxf6 53. Bb6 1-0

[Event "ch-USA Girls 2024"]
[Site "Saint Louis USA"]
[Date "2024.07.23"]
[Round "7.3"]
[White "Ehsani, Yassamin"]
[Black "Atwell, Rose"]
[Result "0-1"]
[WhiteTitle "WFM"]
[BlackTitle "FM"]
[WhiteElo "2083"]
[BlackElo "2277"]
[WhiteFideId "30910765"]
[BlackFideId "30951011"]
[EventDate "2024.07.16"]

1. d4 d5 2. Bf4 Nf6 3. e3 e6 4. Nf3 Bd6 5. Nbd2 Bxf4 6. exf4 O-O 7. Bd3 b6 8.
Qe2 a5 9. O-O Ba6 10. Bxa6 Nxa6 11. Ne5 c5 12. c3 Nc7 13. Rac1 Qd6 14. g3 Rfc8
15. h4 Nce8 16. g4 Nd7 17. Ndf3 Nf8 18. Qe3 f6 19. Nd3 c4 20. Nde1 Qd7 21. Ng2
Nd6 22. Nd2 b5 23. Qf3 f5 24. g5 b4 25. Ne3 Rab8 26. Rb1 Qa4 27. cxb4 axb4 28.
Nxd5 exd5 29. Qxd5+ Nf7 30. Nxc4 Rb5 31. Qg2 Qxa2 32. b3 Ne6 33. Rfe1 Nxf4 34.
Qf3 Ng6 35. Ra1 Qc2 36. Rac1 Nxh4 37. Qg3 f4 38. Qxh4 Qxb3 39. Ne5 Rf8 40. Qg4
Nxe5 41. dxe5 Qf7 42. Rc8 b3 43. Rxf8+ Qxf8 44. Qd7 Rb8 45. e6 Qf5 46. Rc1 Qxg5+
47. Kf1 Qd8 48. Qf7+ Kh8 49. Rc7 Qd1+ 50. Kg2 Qg4+ 51. Kf1 b2 0-1

[Event "ch-USA Girls 2024"]
[Site "Saint Louis USA"]
[Date "2024.07.23"]
[Round "7.4"]
[White "Paragua, Megan Althea"]
[Black "Gaw, Chloe"]
[Result "1-0"]
[WhiteTitle "WFM"]
[BlackTitle "WFM"]
[WhiteElo "2041"]
[BlackElo "2000"]
[WhiteFideId "30973007"]
[BlackFideId "30966892"]
[EventDate "2024.07.16"]

1. e4 c5 2. Nf3 d6 3. d4 cxd4 4. Qxd4 Nf6 5. e5 Nc6 6. Bb5 Qa5+ 7. Nc3 Qxb5 8.
Nxb5 Nxd4 9. Nbxd4 dxe5 10. Nxe5 g6 11. O-O Bg7 12. Re1 O-O 13. Bd2 Re8 14. Rad1
Nd7 15. Nef3 Nc5 16. Nb5 Na6 17. Bc3 Bxc3 18. Nxc3 Bg4 19. Rd4 Bf5 20. g4 Bc8
21. h3 h6 22. Nd5 Be6 23. Nf4 Nc7 24. b3 Kf8 25. Ne5 g5 26. Nfd3 Red8 27. Rde4
Rac8 28. Nc5 Bd5 29. Ned7+ Kg7 30. Rxe7 b6 31. Nd3 Be6 32. R1xe6 Nxe6 33. N3e5
Rxd7 34. Rxd7 Kf6 35. Nc4 Rc5 36. Rxa7 Nd4 37. Ra6 Nxc2 38. Rxb6+ Kg7 39. Nd6
Nd4 40. Nf5+ Nxf5 41. gxf5 Rxf5 42. a4 Ra5 43. Rb5 Ra8 44. a5 Kg6 45. b4 Kh5 46.
Kg2 Kh4 47. Rb6 h5 48. a6 f5 49. b5 f4 50. Rf6 Ra7 51. Rf8 g4 52. Rxf4 Kg5 53.
Rb4 gxh3+ 54. Kxh3 Rc7 55. b6 Rc3+ 56. Kg2 h4 57. b7 h3+ 58. Kh2 1-0

[Event "ch-USA Girls 2024"]
[Site "Saint Louis USA"]
[Date "2024.07.23"]
[Round "7.5"]
[White "Tang, Zoey"]
[Black "Vidyarthi, Omya"]
[Result "1/2-1/2"]
[WhiteTitle "FM"]
[BlackTitle "WIM"]
[WhiteElo "2260"]
[BlackElo "2087"]
[WhiteFideId "30952530"]
[BlackFideId "30931665"]
[EventDate "2024.07.16"]

1. d4 d5 2. c4 c6 3. Nf3 Nf6 4. e3 Bf5 5. Nc3 e6 6. Nh4 Be4 7. f3 Bg6 8. Nxg6
hxg6 9. Bd2 Nbd7 10. Qc2 Qc7 11. O-O-O Be7 12. h4 O-O-O 13. Bd3 dxc4 14. Bxc4
Nb6 15. Bb3 Nfd5 16. Ne2 c5 17. Bxd5 exd5 18. Kb1 cxd4 19. Qxc7+ Kxc7 20. Nxd4
Nc4 21. g3 Bc5 22. Bc1 Rhe8 23. Rhe1 Ne5 24. Rf1 Nc4 25. Rd3 Bxd4 26. Rxd4 Nxe3
27. Re1 Nf5 28. Bf4+ Kd7 29. Rxd5+ Kc6 30. Rxd8 Rxe1+ 31. Kc2 Rf1 32. Rc8+ Kb6
33. Rc3 Rf2+ 34. Kc1 Rf1+ 35. Kc2 Rf2+ 36. Kb3 Rg2 37. g4 Nxh4 38. Bg5 Rh2 39.
Bd8+ Ka6 40. Bxh4 Rxh4 41. Rc7 f6 42. Rxg7 Rh3 43. Rxg6 Rxf3+ 44. Kc4 b6 45. b4
f5 46. g5 Rg3 47. a4 Rg4+ 48. Kc3 Kb7 49. b5 Kc7 50. Rg8 Kd6 51. Kb3 Kc5 52. g6
Rg3+ 53. Kc2 Kb4 54. Ra8 Kxa4 55. Rxa7+ Kxb5 56. Rf7 Rxg6 57. Rxf5+ Ka4 58. Rf3
Rg2+ 59. Kb1 b5 60. Rh3 b4 61. Rf3 b3 62. Rf8 Kb4 63. Rb8+ Kc3 64. Rc8+ Kb4 65.
Rb8+ Ka3 66. Ra8+ Kb4 67. Rb8+ Kc3 68. Rc8+ Kb4 69. Rb8+ Ka3 70. Ra8+ Kb4 71.
Rb8+ 1/2-1/2

[Event "ch-USA Girls 2024"]
[Site "Saint Louis USA"]
[Date "2024.07.24"]
[Round "8.1"]
[White "Su, Jasmine Zhixin"]
[Black "Atwell, Rose"]
[Result "1/2-1/2"]
[BlackTitle "FM"]
[WhiteElo "2051"]
[BlackElo "2277"]
[WhiteFideId "30974909"]
[BlackFideId "30951011"]
[EventDate "2024.07.16"]

1. e4 c5 2. Nf3 Nc6 3. d4 cxd4 4. Nxd4 e5 5. Nb5 d6 6. N1c3 a6 7. Na3 Be7 8. Nc4
b5 9. Ne3 Nf6 10. Bd3 O-O 11. O-O Nb4 12. a4 Nxd3 13. Qxd3 b4 14. Ncd5 Nxd5 15.
Nxd5 a5 16. Rd1 Be6 17. Be3 Bxd5 18. Qxd5 Qc7 19. Rac1 Rfc8 20. c4 b3 21. Rd3
Rab8 22. Bd2 Qc6 23. Qxc6 Rxc6 24. f3 Bd8 25. Kf1 Kf8 26. Ke2 Rbc8 27. Rxb3 Rxc4
28. Rxc4 Rxc4 29. Rb8 Ke7 30. b3 Rc5 31. Kd3 d5 32. b4 Rc4 33. Bc3 axb4 34. Bxe5
f6 35. exd5 Rc5 36. Rb7+ Ke8 37. Bd4 Rxd5 38. Rxb4 Bc7 39. h3 Rg5 40. g4 h5 41.
Rb5 Rxb5 42. axb5 hxg4 43. fxg4 Kd7 44. h4 Ke6 45. h5 Kd5 46. Bxf6 gxf6 47. h6
f5 48. h7 Be5 49. gxf5 Kc5 50. Ke4 Bh8 51. b6 Kxb6 52. Kd5 Kc7 53. Ke6 Kd8 54.
Kf7 Kd7 55. Kg8 Ke8 56. Kxh8 Kf8 57. f6 Kf7 1/2-1/2

[Event "ch-USA Girls 2024"]
[Site "Saint Louis USA"]
[Date "2024.07.24"]
[Round "8.2"]
[White "Lee, Alice"]
[Black "Tang, Zoey"]
[Result "1-0"]
[WhiteTitle "IM"]
[BlackTitle "FM"]
[WhiteElo "2371"]
[BlackElo "2260"]
[WhiteFideId "30941822"]
[BlackFideId "30952530"]
[EventDate "2024.07.16"]

1. d4 d5 2. c4 c6 3. Nf3 Nf6 4. e3 Bf5 5. Nc3 e6 6. Nh4 Bg6 7. Be2 Nbd7 8. O-O
Be7 9. g3 dxc4 10. Nxg6 hxg6 11. Bxc4 O-O 12. e4 e5 13. dxe5 Nxe5 14. Be2 Bb4
15. Qc2 Qe7 16. Kg2 Ned7 17. f3 Rfd8 18. a3 Ba5 19. b4 Bb6 20. Bg5 Nf8 21. Bc4
Ne6 22. h4 Nxg5 23. hxg5 Ne8 24. f4 Rd4 25. Bd3 Rad8 26. Rad1 Qd7 27. Be2 Nc7
28. Na4 Rd2 29. Nxb6 axb6 30. Rxd2 Qxd2 31. Qxd2 Rxd2 32. Kf2 Ra2 33. Rd1 Ne6
34. Rd3 c5 35. Ke1 Nd4 36. Bd1 Kf8 37. Rc3 Nb5 38. Rc1 Nxa3 39. bxc5 bxc5 40.
Rxc5 Rb2 41. Rc8+ Ke7 42. Rc7+ Kf8 43. e5 b5 44. Rb7 Nc4 45. Be2 Rb1+ 46. Kf2
Rb2 47. Kf3 Rb3+ 48. Kg4 Ne3+ 49. Kh3 Nf5 50. Bxb5 Rxg3+ 51. Kh2 f6 52. Rb8+ Kf7
53. Be8+ Ke7 54. Bxg6 fxe5 55. Rb7+ Kf8 56. Rf7+ Kg8 57. Rxf5 exf4 58. Re5 Re3
59. Rxe3 fxe3 60. Kg3 e2 61. Kf2 Kh8 62. Kxe2 Kg8 63. Ke3 Kh8 64. Ke4 Kg8 65.
Ke5 Kh8 66. Ke6 Kg8 67. Ke7 Kh8 68. Ke8 Kg8 69. Bf5 Kh8 70. Kf7 g6 71. Kxg6 1-0

[Event "ch-USA Girls 2024"]
[Site "Saint Louis USA"]
[Date "2024.07.24"]
[Round "8.3"]
[White "Gaw, Chloe"]
[Black "Mou, Iris"]
[Result "0-1"]
[WhiteTitle "WFM"]
[BlackTitle "WIM"]
[WhiteElo "2000"]
[BlackElo "2165"]
[WhiteFideId "30966892"]
[BlackFideId "30939836"]
[EventDate "2024.07.16"]

1. d4 d5 2. c4 e6 3. Nc3 Nf6 4. cxd5 exd5 5. Bg5 c6 6. e3 h6 7. Bh4 Be7 8. Bd3
O-O 9. Nge2 Ne8 10. Bg3 Nd6 11. Qc2 Re8 12. O-O Bf8 13. b4 Nd7 14. b5 Nb6 15.
bxc6 bxc6 16. Na4 Nxa4 17. Qxa4 Bd7 18. Qc2 Rc8 19. Nc3 c5 20. Nxd5 Qg5 21. Nf4
cxd4 22. Qb3 dxe3 23. fxe3 Nf5 24. Nh3 Qxe3+ 25. Bf2 Qe5 26. Rae1 Qc7 27. Kh1
Bd6 28. Rxe8+ Rxe8 29. Bg1 g6 30. Qc4 Bc6 31. Qg4 h5 32. Qg5 Be7 33. Qf4 Qxf4
34. Rxf4 Bd6 35. Rc4 Bd5 36. Rc2 Ne3 37. Re2 Bc5 38. Nf4 Bc6 39. Bf2 Kg7 40. h3
Nxg2 41. Rxe8 Nxf4+ 42. Be4 Bxe8 43. Bxc5 a5 44. Kh2 f5 45. Bc2 Ne6 46. Bb6 a4
47. h4 Bb5 48. Ba5 Kf7 49. Bc3 Ke7 50. Be5 Kd7 51. Bd1 Kc6 52. Bf3+ Kc5 53. Kg3
Bc6 54. Be2 Kd5 55. Bb8 Nd4 56. Bf3+ Kc4 57. Bxc6 Nxc6 58. Bc7 Nb4 59. a3 Nd5
60. Bd6 Kd4 61. Kf3 Kc4 62. Kg3 Kb5 63. Kf3 Kc6 64. Be5 Kd7 65. Bg7 Ke6 66. Bd4
Nf6 67. Kf4 Ne4 68. Bg7 Kd5 69. Bf8 Nc5 70. Be7 Ne6+ 71. Kf3 Ke5 72. Bb4 Nd4+
73. Kf2 Ke4 74. Bc3 Nc2 75. Bb2 f4 76. Bc1 Ne3 77. Bd2 Nf5 0-1